Logo

Description automatically generated
विद्यार्जन
 संसाधन केंद्र, भारतीय प्रौद्योगिकी संस्थान इन्दौर
Learning Resource Center, Indian Institute of Technology Indore

ऑनलाइन सार्वजनिक अभिगम प्रसूची
Online Public Access Catalogue (OPAC)

Law relating to central armed police forces and AR (Record no. 53156)

MARC details
000 -LEADER
fixed length control field 00588nam a22002057a 4500
005 - DATE AND TIME OF LATEST TRANSACTION
control field 20260429144318.0
008 - FIXED-LENGTH DATA ELEMENTS--GENERAL INFORMATION
fixed length control field 260429b |||||||| |||| 00| 0 eng d
020 ## - INTERNATIONAL STANDARD BOOK NUMBER
International Standard Book Number 9789364527705
Qualifying information hb
082 ## - DEWEY DECIMAL CLASSIFICATION NUMBER
Classification number 344.0554
Item number PRA
100 ## - MAIN ENTRY--PERSONAL NAME
Personal name Prakash, Shakti
245 ## - TITLE STATEMENT
Title Law relating to central armed police forces and AR
260 ## - PUBLICATION, DISTRIBUTION, ETC.
Place of publication, distribution, etc. New Delhi
Name of publisher, distributor, etc. Bluerose Publishers
Date of publication, distribution, etc. 2024
300 ## - PHYSICAL DESCRIPTION
Extent [xviii], 387p. ; 23cm.
653 ## - INDEX TERM--UNCONTROLLED
Uncontrolled term National security
653 ## - INDEX TERM--UNCONTROLLED
Uncontrolled term Police services
653 ## - INDEX TERM--UNCONTROLLED
Uncontrolled term Armed Forces
700 ## - ADDED ENTRY--PERSONAL NAME
Personal name Gautam, Himanshu
700 ## - ADDED ENTRY--PERSONAL NAME
Personal name Palli, Rekha [Foreword]
942 ## - ADDED ENTRY ELEMENTS (KOHA)
Source of classification or shelving scheme Dewey Decimal Classification
Koha item type Book
Holdings
Withdrawn status Lost status Source of classification or shelving scheme Damaged status Not for loan Home library Current library Shelving location Date acquired Source of acquisition Total Checkouts Full call number Barcode Date last seen Price effective from Koha item type
    Dewey Decimal Classification     LRC, IIT Indore LRC, IIT Indore 3rd Floor - General Stack 09/04/2026 PO_2025-26_PO-103 ,Vendor: Arvind Prakashan, Udaipur ; Inv. No.: INV-25-B-349, dt.02.03.2026 ; Price: INR 590.00   344.0554 PRA 38799 29/04/2026 29/04/2026 Book
Copyright © 2024, 2021, 2017 Indian Institute of Technology Indore. All Rights Reserved.
Managed & maintained by Learning Resource Center, IIT Indore